| 000 | 00709nam a2200241 i 4500 | ||
|---|---|---|---|
| 001 | 13481 | ||
| 003 | ES-MaACL | ||
| 005 | 20250219115923.0 | ||
| 007 | t| | ||
| 008 | 980420s1997 sp ||||1| spa d | ||
| 020 | _a84-88006-32-2 | ||
| 080 | _a75 Guinovart, Josep (064.3) | ||
| 100 | 1 |
_aGuinovart, Josep. _960869 |
|
| 245 | 1 | 0 |
_aGuinovart _b: variaciones. |
| 260 |
_aMadrid : _bCentro Cultural del Conde Duque, _c1997. |
||
| 300 |
_a130 p. : _bil. ; _c23 cm. |
||
| 600 | 0 | 4 |
_aGuinovart, Josep _960869 |
| 655 | 7 |
_2tgfbne _9193628 _aCatálogos de exposiciones |
|
| 710 | 2 |
_aCentro Cultural del Conde Duque. _92579 |
|
| 852 |
_aES-MaACL _jL-20776 _bR.126387 |
||
| 942 | _2udc | ||
| 999 |
_c13481 _d13481 |
||